00499nam a2200145Ia 4500008004100000100002100041245011600062245003800178260005900216260000900275300001000284650001800294650001500312856002600327170221s9999 xx 000 0 und d aLynne M. Walters aDigital Storytelling Viewed though a Post-process Lens:Reflections from the Fulbright-Hays 2010 China Seminar  cLynne M. Walters, Martha R. Green bOnline Journal of Communication and Media Technologies c2016 a5 : 5 xCommunication xMedia Arts uhttp://www.ojcmt.net/